| 000 | 00729nam a22002177a 4500 | ||
|---|---|---|---|
| 999 |
_c18698 _d18698 |
||
| 003 | AR-CdUCM | ||
| 008 | 190515b ||||| |||| 00| 0 spa d | ||
| 040 |
_aMUNICIPALIDAD PROVINCIAL DEL CUSCO _cBIBLIOTECA MUNICIPAL DEL CUSCO |
||
| 082 |
_a848.7 / _bM311 |
||
| 100 |
_aMarañón, Gregorio _93567 |
||
| 245 |
_aAmiel : _bun estudio sobre la timidez / |
||
| 260 |
_aSantiago de Chile : _bEdit. Cultura, _c1936. |
||
| 300 |
_a153 páginas ; _c18 cm. |
||
| 440 |
_aColección hombres e ideas filosofía - política - biografías _926619 |
||
| 505 | _aContenido: Capítulos... | ||
| 650 |
_aTimidez _938492 |
||
| 650 |
_aEnsayos franceses _934819 |
||
| 650 |
_aSiglo XIX _9971 |
||
| 942 |
_2ddc _cLIBROS |
||
| 945 |
_adavv _d2019-05-15 |
||